| 000 | 00493nam a22001697a 4500 | ||
|---|---|---|---|
| 003 | OSt | ||
| 005 | 20140310182533.0 | ||
| 008 | 130813t xxu||||| |||| 00| 0 eng d | ||
| 020 | _a9781111220556 | ||
| 050 |
_aPE 1128 _b.R921 2012 |
||
| 100 |
_aRuetten, Mary K. _99765 |
||
| 245 |
_aDeveloping composition skills : _bacademic writing and grammar / _cMary K. Ruetten |
||
| 260 |
_aUSA : _bHeinle, _cc2012. |
||
| 300 |
_a254 p. : _bcol. ill. ; _c28 cm. |
||
| 942 |
_2lcc _cSSLC |
||
| 999 |
_c14154 _d14154 |
||